[Event "Valby K41 Autumn-B"]
[Site "Valby"]
[Date "2007.09.11"]
[Round "1"]
[White "Friis, Jesper"]
[Black "Jorgensen, Carina Eilegaard"]
[Result "0-1"]
[WhiteElo "1824"]
[BlackElo "1780"]
[PlyCount "78"]
[EventDate "2007.09.11"]
[EventType "tourn"]
[EventRounds "7"]
[EventCountry "DEN"]
[SourceTitle "EXT 2023"]
[Source "ChessBase"]
[SourceDate "2022.10.05"]
[SourceVersion "1"]
[SourceVersionDate "2022.10.05"]
[SourceQuality "1"]

1. e4 d5 2. exd5 Nf6 3. d4 Nxd5 4. c4 Nb4 5. a3 N4c6 6. Be3 e5 7. d5 Ne7 8. Qh5 Nf5 9. Bg5 Be7 10. Bxe7 Qxe7 11. Nc3 b6 12. Bd3 g6 13. Qd1 a5 14. Nf3 Nd6 15. 0-0 0-0 16. Re1 Bg4 17. h3 Bxf3 18. Qxf3 f5 19. Qd1 e4 20. Kh1 Qh4 21. Bf1 Qxf2 22. Re2 Qg3 23. Qd4 Nd7 24. Nb5 Nxb5 25. cxb5 a4 26. Rc1 Nc5 27. Re3 Qd6 28. Bc4 Rae8 29. g3 h6 30. Rc2 Kh7 31. h4 Re7 32. b4 axb3 33. Bxb3 f4 34. gxf4 Rxf4 35. Rh2 Rf1+ 36. Kg2 Ref7 37. Kh3 R1f3+ 38. Rxf3 Rxf3+ 39. Kg2 Qg3+ 0-1

[Event "Valby K41 Spring-C"]
[Site "Valby"]
[Date "2007.04.24"]
[Round "4"]
[White "Nielsen, John Holm"]
[Black "Friis, Jesper"]
[Result "1-0"]
[WhiteElo "1933"]
[BlackElo "1785"]
[PlyCount "45"]
[EventDate "2007.03.13"]
[EventType "tourn"]
[EventRounds "7"]
[EventCountry "DEN"]
[SourceTitle "EXT 2023"]
[Source "ChessBase"]
[SourceDate "2022.10.05"]
[SourceVersion "1"]
[SourceVersionDate "2022.10.05"]
[SourceQuality "1"]

1. Nc3 g6 2. e4 Bg7 3. d4 d6 4. f4 e5 5. dxe5 dxe5 6. Qxd8+ Kxd8 7. Be3 Be6 8. 0-0-0+ Nd7 9. Nf3 exf4 10. Bxf4 Ngf6 11. Nd5 Rc8 12. Ng5 h6 13. Nxe6+ fxe6 14. Nxf6 Bxf6 15. Bb5 c6 16. Bc4 Ke7 17. Bd6+ Kf7 18. Rhf1 Kg7 19. Bxe6 Rhd8 20. Bxd7 Rxd7 21. Bf8+ Rxf8 22. Rxd7+ Kg8 23. Kb1 1-0

[Event "Valby K41 Spring-C"]
[Site "Valby"]
[Date "2007.03.27"]
[Round "2"]
[White "Weinreich, Per C"]
[Black "Friis, Jesper"]
[Result "1-0"]
[WhiteElo "1886"]
[BlackElo "1785"]
[PlyCount "70"]
[EventDate "2007.03.13"]
[EventType "tourn"]
[EventRounds "7"]
[EventCountry "DEN"]
[SourceTitle "EXT 2023"]
[Source "ChessBase"]
[SourceDate "2022.10.05"]
[SourceVersion "1"]
[SourceVersionDate "2022.10.05"]
[SourceQuality "1"]

1. Nf3 d5 2. b3 Nc6 3. Bb2 Bf5 4. g3 e6 5. Bg2 Nf6 6. 0-0 Bd6 7. d4 Qe7 8. c4 b6 9. Ne5 Bxe5 10. dxe5 Ne4 11. cxd5 Rd8 12. Qc1 Nb8 13. Ba3 Nc5 14. e4 Bg6 15. f4 0-0 16. Bxc5 bxc5 17. f5 exf5 18. exf5 Qxe5 19. Qc3 Qxc3 20. Nxc3 Bh5 21. Rf4 f6 22. Rc4 Nd7 23. Ra4 Ne5 24. Rxa7 Rc8 25. a4 Rfd8 26. a5 c6 27. a6 Bf3 28. dxc6 Nxc6 29. Bxf3 Nxa7 30. Nd5 Rb8 31. Ne7+ Kf8 32. Nc6 Rd3 33. Nxb8 Rxf3 34. Nd7+ Ke7 35. Nxc5 Rxb3 1-0

[Event "Valby K41 Spring-C"]
[Site "Valby"]
[Date "2007.03.13"]
[Round "1"]
[White "Friis, Jesper"]
[Black "Thygesen, Morten"]
[Result "1-0"]
[WhiteElo "1785"]
[BlackElo "1884"]
[PlyCount "59"]
[EventDate "2007.03.13"]
[EventType "tourn"]
[EventRounds "7"]
[EventCountry "DEN"]
[SourceTitle "EXT 2023"]
[Source "ChessBase"]
[SourceDate "2022.10.05"]
[SourceVersion "1"]
[SourceVersionDate "2022.10.05"]
[SourceQuality "1"]

1. e4 d5 2. exd5 Nf6 3. d4 Qxd5 4. Nc3 Qa5 5. Bc4 c6 6. Bd2 Qc7 7. Qe2 Bf5 8. 0-0-0 Nbd7 9. Nf3 Nb6 10. Bb3 e6 11. Ne5 Bd6 12. g4 Bxe5 13. gxf5 Bxd4 14. fxe6 0-0-0 15. exf7 Nfd7 16. Qg4 Be5 17. Bg5 Bf6 18. Bf4 Be5 19. Bxe5 Qxe5 20. Rhe1 Qf6 21. Ne4 Qh6+ 22. Kb1 Kb8 23. Qg3+ Ka8 24. Qd6 Qxd6 25. Rxd6 Kb8 26. Ng5 Rdf8 27. Rde6 Nf6 28. Re7 Nbd5 29. Bxd5 Nxd5 30. Re8+ 1-0

[Event "Odysseus EMT"]
[Site "Soborg"]
[Date "2000.04.??"]
[Round "2"]
[White "Bronnum, Jan"]
[Black "Friis, Jesper"]
[Result "1-0"]
[WhiteElo "2185"]
[BlackElo "1634"]
[PlyCount "47"]
[EventDate "2000.04.27"]
[EventType "swiss"]
[EventRounds "5"]
[EventCountry "DEN"]
[SourceTitle "EXT 2023"]
[Source "ChessBase"]
[SourceDate "2022.10.05"]
[SourceVersion "1"]
[SourceVersionDate "2022.10.05"]
[SourceQuality "1"]

1. d4 Nf6 2. Nf3 e6 3. e3 c5 4. Bd3 b6 5. 0-0 Bb7 6. Nbd2 Nc6 7. a3 Be7 8. b3 cxd4 9. exd4 0-0 10. Bb2 d5 11. Qe2 Rc8 12. Ne5 Nxe5 13. dxe5 Nd7 14. f4 Nc5 15. f5 Nxd3 16. Qxd3 exf5 17. Rxf5 Bc5+ 18. Kh1 Qh4 19. Raf1 Rc6 20. Qf3 Rh6 21. h3 Rb8 22. Rf4 Qh5 23. Rxf7 d4 24. Rxb7 1-0